| 000 | 01232cab a22002655a 4500 | ||
|---|---|---|---|
| 001 | L144320 | ||
| 008 | 080710e20080701xxko f 000 0 eng d | ||
| 035 | _a(Sirsi) u144320 | ||
| 041 | 0 | _aeng | |
| 100 | 1 | _aJones, Gregory | |
| 245 | 0 | 0 |
_aUpdate _bplanning and environmental law |
| 260 | _c2008 | ||
| 490 |
_aSolicitors Journal _v152(26) 1 July 2008, 20-22(2) |
||
| 520 | _aArticle looks at recent cases on appeals procedure, strategic environmental assessments and green belt boundaries. Provides case overviews and details of the judgments handed down | ||
| 650 | 2 | 4 | _aLONDON BOROUGH OF HARINGEY V SECRETARY OF STATE FOR COMMUNITIES AND LOCAL GOVERNMENT |
| 650 | 2 | 4 | _aTECHNOPRINT PLC V LEEDS CITY COUNCIL |
| 650 | 2 | 4 | _aJONES V SWANSEA CITY AND COUNTY COUNCIL |
| 650 | 2 | 4 | _aORANGE PERSONAL COMMUNICATIONS SERVICES LTD V BIRMINGHAM CITY COUNCIL AND SMALDRENE (MIDLANDS) LTD |
| 650 | 2 | 4 | _aENVIRONMENTAL ASSESSMENT OF PLANS AND PROGRAMMES REGULATIONS (NORTHERN IRELAND) 2004 |
| 650 | 2 | 4 | _aHOWSMOOR DEVELOPMENTS LTD V SOUTH GLOUCESTER DISTRICT COUNCIL |
| 650 | 2 | 4 | _aDAVID WILSON ESTATES LIMITED V MID BEDFORDSHIRE DISTRICT COUNCIL |
| 651 | 4 |
_aUnited Kingdom _y |
|
| 690 |
_aPlanning and development _96259 |
||
| 942 | _n0 | ||
| 999 |
_c80427 _d80427 |
||